| 000 | 00948nam a2200301Ia 4500 | ||
|---|---|---|---|
| 001 | Z_2030 | ||
| 003 | CHAP | ||
| 008 | 220113s1996 xx 000 0 und d | ||
| 010 | _a165103 | ||
| 040 | _cCHAP | ||
| 090 | _aFolleto 338 | ||
| 100 |
_aAvalos Flores, Luis _98451 |
||
| 245 |
_aAdministración holística de los recursos : parte I / _cpor Luis Avalos Flores... / _cy otros / _c |
||
| 260 |
_aMéxico, D. F. : _bFIRA, _c1996 |
||
| 300 | _a52 p. | ||
| 440 | _a | ||
| 500 | _a | ||
| 503 | _a | ||
| 650 |
_aGanadería _xMéxico _9137519 |
||
| 650 |
_aHolística I. Torres Barrientos, Indalecio II. Arellano García Abraham III. García Vigil, José Antonio IV. Burguete Hernández, Carlos V. Fideicomisos Instituidos en Relación con la Agricultura. México VI. t _9139134 |
||
| 650 |
_aMéxico _xGanadería _9139133 |
||
| 901 | _aFolleto 338 | ||
| 902 | _aA | ||
| 910 | _a1996 | ||
| 942 | _cc14 | ||
| 942 | _cc14 | ||
| 999 |
_c165103 _d165103 |
||